01486nab a22002897a 4500999001500000003000400015005001700019008004100036040000700077100003200084245015500116260007300271300001300344500003500357505010600392505028200498505008100780650002300861650002000884650001700904650003200921650001500953650002700968700002800995773016001023942001301183 c6440d6440OSt20260203121000.0190429b xxu||||| |||| 00| 0 spa d cPJ 94726aGorra, Daniel Gustavo10aViolencia estética y dolo eventual : breflexiones sobre su delimitación y alcance a partir de un fallo /cDaniel Gustavo Gorra, Hernán Herrera. cCiudad Autónoma de Buenos Aires :aThomson Reuters La Ley, b2023. ap. 37-53 aCita Online: AR/DOC/2692/2023. aSumario: I. Introducción.— II. Análisis del fallo.— III. Toma de posición. Conclusiones.  aFallo comentado: C1aCrim. y Correc., Formosa, 31/08/2023. - L. I., M. L. s/ homicidio con dolo eventual, lesiones leves —tres hechos—, lesiones gravísimas, estafa —cinco hechos—, ejercicio ilegal de la medicina —cinco hechos—, ejercicio ilegal de una profesión. tSi te interesa el texto completo, solicitalo a koha@justierradelfuego.gov.ar 09343aDERECHO PENAL 092913aHOMICIDIO 093035aESTAFA 095338aLESIONES GRAVÍSIMAS 092693aDOLO 097067aCIRUGIA ESTETICA 97066aHerrera, Hernán0 0265893164tRevista de derecho penal y criminología. Nº 11 - Diciembre 2023dCiudad Autónoma de Buenos Aires : Thomson Reuters La Ley, 2017-x00347914 2udccANA